000 00476nam a2200181Ia 4500
008 131103s9999 xx 000 0 und d
020 _a949128112
040 _aLoreto College
041 _aEnglish
082 _aREF
_bLCBED/10603
245 _aBumper book of bright ideas
_cedited by Sue Wendt
260 _aSydney
_bAustralian Consolidated
_c[19?]
300 _a128p.
_b pic.
_c 26cm.
650 _aREF
700 _aWendt, Sue; ed.
850 _aLCBED/REF
942 _cBK
999 _c34083
_d84562